Les 100 plus grandes villes des Hauts-de-France sur une carte - Statistiques

Statistiques générales
  • Ce quiz a été pris 1 223 fois
    1 222 depuis la dernière actualisation
  • Le résultat moyen est 33 sur 100
Réponses sur la Carte
Les réponses sont colorées sur une échelle allant du rouge au vert en fonction du pourcentage des utilisateurs qui les ont devinées à leur premier essai. Vous pouvez retrouver ces pourcentages ci-dessous.
 
Statistiques - réponses
Population Département Ville % Correct
236 710 59 Lille
99%
86 788 59 Dunkerque
95%
133 625 80 Amiens
94%
67 380 62 Calais
94%
98 892 59 Roubaix
89%
42 600 62 Arras
88%
32 618 62 Lens
87%
99 011 59 Tourcoing
85%
40 910 62 Boulogne-sur-Mer
83%
42 991 59 Valenciennes
81%
56 677 60 Beauvais
78%
52 958 02 Saint-Quentin
74%
39 648 59 Douai
71%
62 067 59 Villeneuve-d'Ascq
71%
24 021 02 Laon
70%
40 394 60 Compiègne
67%
29 066 59 Maubeuge
63%
22 595 80 Abbeville
62%
31 425 59 Cambrai
62%
24 992 62 Béthune
60%
28 705 02 Soissons
60%
36 106 60 Creil
55%
14 661 62 Saint-Omer
54%
13 298 62 Berck
51%
25 581 59 Armentières
50%
39 356 59 Marcq-en-Barœul
49%
26 035 62 Hénin-Beaumont
44%
30 149 62 Liévin
43%
15 204 02 Château-Thierry
42%
40 836 59 Wattrelos
42%
21 498 59 Hazebrouck
40%
15 255 60 Senlis
40%
23 013 59 Loos
38%
10 652 60 Chantilly
36%
20 778 59 Croix
36%
21 467 59 Mons-en-Barœul
36%
20 836 59 Wasquehal
36%
20 331 59 Grande-Synthe
33%
11 223 59 Gravelines
30%
22 488 59 La Madeleine
30%
27 121 59 Lambersart
29%
20 640 59 Denain
28%
10 475 60 Clermont
26%
20 765 59 Coudekerque-Branche
25%
12 834 59 Seclin
25%
21 827 62 Bruay-la-Buissière
24%
11 309 59 Bruay-sur-l'Escaut
24%
11 456 59 Fourmies
24%
17 672 62 Avion
22%
21 382 60 Nogent-sur-Oise
22%
19 437 59 Ronchin
21%
15 980 59 Saint-Amand-les-Eaux
21%
14 869 59 Bailleul
20%
10 930 62 Étaples
20%
12 987 60 Noyon
20%
17 852 62 Carvin
19%
20 829 59 Halluin
19%
18 713 59 Hem
19%
12 942 59 Saint-André-lez-Lille
18%
18 110 59 Faches-Thumesnil
17%
13 270 62 Outreau
17%
13 784 59 Roncq
17%
15 531 59 Wattignies
17%
11 496 02 Chauny
16%
14 217 60 Crépy-en-Valois
16%
10 454 02 Villers-Cotterêts
16%
11 213 59 Marquette-lez-Lille
15%
14 320 60 Méru
15%
12 291 60 Pont-Sainte-Maxence
15%
13 431 02 Tergnier
15%
10 798 59 Wambrechies
15%
12 671 59 Comines
13%
14 757 59 Haubourdin
13%
11 520 62 Nœux-les-Mines
13%
10 494 62 Marck
12%
13 173 59 Mouvaux
12%
13 422 59 Anzin
11%
10 342 59 Jeumont
11%
13 793 59 Lys-lez-Lannoy
11%
10 160 59 Neuville-en-Ferrain
11%
15 603 59 Sin-le-Noble
11%
12 221 62 Bully-les-Mines
10%
14 070 59 Caudry
10%
10 999 62 Saint-Martin-Boulogne
10%
11 790 59 Somain
10%
10 568 62 Longuenesse
9%
12 024 59 Marly
9%
13 701 60 Montataire
9%
14 182 59 Hautmont
8%
10 210 62 Oignies
8%
10 062 62 Auchel
7%
10 199 62 Courrières
7%
10 780 59 Annœullin
6%
10 207 59 Douchy-les-Mines
6%
12 317 62 Harnes
6%
12 055 59 Raismes
6%
10 446 59 Vieux-Condé
6%
9 997 59 Aniche
5%
11 431 62 Méricourt
5%
11 117 59 Saint-Saulve
5%
Aucun quiz correspondant
Distribution des résultats
% des personnes avec chaque résultat
Percentile par nombre de réponses
Votre historique - résultats
Vous n’avez pas pris ce quiz depuis la dernière actualisation